[Event "Hotel Agro IM B"]
[Site "Budapest"]
[Date "1999.08.01"]
[Round "3"]
[White "Schumi, Manfred"]
[Black "Cacco, Christian"]
[Result "1-0"]
[WhiteElo "2241"]
[BlackElo "2292"]
[PlyCount "73"]
[EventDate "1999.08.05"]
[EventType "tourn"]
[EventRounds "9"]
[EventCountry "HUN"]
[EventCategory "3"]
[SourceTitle "CBM 071 Extra"]
[Source "ChessBase"]
[SourceDate "1999.09.14"]
[SourceVersion "1"]
[SourceVersionDate "1999.09.14"]
[SourceQuality "1"]

1. e4 c5 2. Nf3 Nc6 3. d4 cxd4 4. Nxd4 Nf6 5. Nc3 e5 6. Ndb5 d6 7. Nd5 Nxd5 8. exd5 Nb8 9. Be3 Be7 10. Qd2 a6 11. Na3 0-0 12. Nc4 Nd7 13. a4 b6 14. Be2 Rb8 15. 0-0 g5 16. g3 Kh8 17. f4 gxf4 18. gxf4 Rg8+ 19. Kh1 Bb7 20. Rad1 f6 21. Bf3 Qc7 22. b3 Bf8 23. fxe5 dxe5 24. Be4 Bc5 25. Qf2 Rg7 26. Rg1 Rf7 27. Qf5 b5 28. axb5 axb5 29. Bxc5 Qxc5 30. Na5 Ba8 31. Rg3 Nf8 32. Nc6 Rbb7 33. Nd8 Rbd7 34. Nxf7+ Rxf7 35. Qh5 Rg7 36. Rdg1 Ng6 37. Rxg6 1-0

[Event "AUT-chT 9899"]
[Site "Austria"]
[Date "1999.??.??"]
[Round "?"]
[White "Schumi, Manfred"]
[Black "Roth, Peter"]
[Result "0-1"]
[WhiteElo "2260"]
[BlackElo "2265"]
[PlyCount "68"]
[EventDate "1998.??.??"]
[EventType "team"]
[EventRounds "11"]
[EventCountry "AUT"]
[SourceTitle "EXT 2000"]
[Source "ChessBase"]
[SourceDate "1999.11.16"]
[SourceVersion "1"]
[SourceVersionDate "1999.11.16"]
[SourceQuality "1"]

1. e4 c5 2. Nf3 e6 3. Nc3 a6 4. d4 cxd4 5. Nxd4 b5 6. Bd3 Qb6 7. Nb3 Bb7 8. 0-0 Nc6 9. Be3 Qc7 10. f4 d6 11. a4 b4 12. Ne2 Nf6 13. a5 Be7 14. Qe1 Rc8 15. Ng3 h5 16. Qe2 h4 17. Nh1 Qb8 18. Bxa6 Bxa6 19. Qxa6 Nxe4 20. Nf2 Nf6 21. Nd4 Nxd4 22. Bxd4 Nd5 23. Ne4 h3 24. Rf2 hxg2 25. Qd3 Rh4 26. Qg3 f5 27. Qg6+ Kd7 28. Ng5 Bxg5 29. fxg5 Ne7 30. Qxg7 Rg8 31. Qf6 Rg6 32. Qf7 Rxd4 33. Re1 Qa7 34. Kxg2 Rxg5+ 0-1

[Event "AUT-ch"]
[Site "Werfen"]
[Date "1998.08.16"]
[Round "9"]
[White "Schumi, Manfred"]
[Black "Wittmann, Walter"]
[Result "1-0"]
[WhiteElo "2260"]
[BlackElo "2380"]
[PlyCount "61"]
[EventDate "1998.08.08"]
[EventType "swiss"]
[EventRounds "9"]
[EventCountry "AUT"]
[SourceTitle "EXT 2001"]
[Source "ChessBase"]
[SourceDate "2000.11.22"]
[SourceVersion "1"]
[SourceVersionDate "2000.11.22"]
[SourceQuality "1"]

1. e4 c5 2. Nf3 d6 3. d4 cxd4 4. Nxd4 Nf6 5. Nc3 Nc6 6. g3 e6 7. Bg2 Bd7 8. 0-0 Be7 9. a4 0-0 10. Be3 a6 11. Nb3 Na5 12. Nxa5 Qxa5 13. g4 Bc6 14. g5 Ne8 15. Qd2 Kh8 16. f4 f6 17. h4 f5 18. b4 Qc7 19. a5 fxe4 20. Nxe4 Bxe4 21. Bxe4 d5 22. Bd3 Nd6 23. Bd4 Nf5 24. Bxf5 Rxf5 25. Rae1 Bd6 26. Rxe6 Bxf4 27. Qd3 Bh2+ 28. Kh1 Rxf1+ 29. Qxf1 Bf4 30. Qd3 Qd7 31. Rh6 1-0

[Event "AUT-ch"]
[Site "Werfen"]
[Date "1998.08.12"]
[Round "5"]
[White "Hebesberger, Thomas"]
[Black "Schumi, Manfred"]
[Result "1/2-1/2"]
[WhiteElo "2195"]
[BlackElo "2260"]
[PlyCount "182"]
[EventDate "1998.08.08"]
[EventType "swiss"]
[EventRounds "9"]
[EventCountry "AUT"]
[SourceTitle "EXT 2001"]
[Source "ChessBase"]
[SourceDate "2000.11.22"]
[SourceVersion "1"]
[SourceVersionDate "2000.11.22"]
[SourceQuality "1"]

1. d4 Nf6 2. Nf3 g6 3. Bg5 Bg7 4. Nbd2 0-0 5. e4 d5 6. e5 Ne4 7. Bf4 c5 8. Bd3 Bf5 9. Nh4 e6 10. Nxf5 exf5 11. f3 Nxd2 12. Qxd2 cxd4 13. 0-0-0 Nc6 14. Rhe1 Re8 15. Bb5 Re6 16. Bxc6 bxc6 17. Qxd4 Qa5 18. Re3 Bf8 19. Kb1 Bc5 20. Qc3 Qb6 21. Red3 Rb8 22. Bg5 Bb4 23. Qb3 Qc7 24. Qa4 Qxe5 25. Re3 Qc7 26. Rxe6 fxe6 27. Rd3 Bd6 28. Rc3 c5 29. Rb3 Be5 30. c3 Rxb3 31. Qe8+ Kg7 32. axb3 Bf6 33. Be3 d4 34. cxd4 cxd4 35. Bd2 e5 36. Bb4 Qf7 37. Qa8 Be7 38. Bd2 Bc5 39. b4 Bb6 40. Qb8 Qe7 41. h4 h6 42. h5 gxh5 43. Qc8 Qf7 44. Qc6 Qf6 45. Qd7+ Kg6 46. Qe8+ Kg7 47. Qd7+ Kg6 48. Qe8+ Kh7 49. Qd7+ Qg7 50. Qxf5+ Qg6 51. Qxg6+ Kxg6 52. Kc2 a6 53. Kd3 Kf5 54. Bxh6 Bd8 55. Bd2 Bh4 56. b3 Bg3 57. Bh6 Bf4 58. Bf8 Bh6 59. b5 axb5 60. Bb4 Be3 61. Be1 Kf4 62. Bh4 Bg1 63. Be1 Bh2 64. Bh4 Bg3 65. Bf6 Bf2 66. Ke2 Bg1 67. Kd3 Be3 68. Bh4 Bg1 69. Bf6 Bf2 70. Ke2 Bg3 71. Kd3 h4 72. Bg7 Kg5 73. Ke4 h3 74. gxh3 Kh4 75. Bh6 Kxh3 76. f4 exf4 77. Bxf4 d3 78. Bd2 Kg4 79. Kxd3 Kf5 80. Kd4 Ke6 81. Kc5 Kd7 82. Kxb5 Kc8 83. Kc6 Bf2 84. Bf4 Bg1 85. Bd6 Bf2 86. b4 Be3 87. b5 Bf2 88. Bc7 Be3 89. Bg3 Bd4 90. Bd6 Be3 91. Bc5 Bxc5 1/2-1/2

[Event "AUT-ch"]
[Site "Werfen"]
[Date "1998.08.10"]
[Round "3"]
[White "Sulyok, Michael"]
[Black "Schumi, Manfred"]
[Result "1/2-1/2"]
[WhiteElo "2270"]
[BlackElo "2260"]
[PlyCount "69"]
[EventDate "1998.08.08"]
[EventType "swiss"]
[EventRounds "9"]
[EventCountry "AUT"]
[SourceTitle "EXT 2001"]
[Source "ChessBase"]
[SourceDate "2000.11.22"]
[SourceVersion "1"]
[SourceVersionDate "2000.11.22"]
[SourceQuality "1"]

1. c4 g6 2. Nc3 Bg7 3. d4 Nf6 4. e4 d6 5. Bd3 0-0 6. Nge2 Nc6 7. 0-0 Nh5 8. Be3 e5 9. d5 Ne7 10. Qd2 f5 11. exf5 gxf5 12. f4 Ng6 13. g3 Bd7 14. c5 Kh8 15. Rf2 exf4 16. Nxf4 Nhxf4 17. gxf4 Re8 18. cxd6 cxd6 19. Nb5 Bxb5 20. Bxb5 Rg8 21. Kh1 a6 22. Bd3 Qf6 23. Rg1 Rae8 24. Bb1 Re7 25. Rfg2 Rge8 26. Bb6 Nh4 27. Rxg7 Rxg7 28. Rxg7 Nf3 29. Bd4 Qxd4 30. Qxd4 Nxd4 31. Rg1 Re7 32. Rg2 Re1+ 33. Rg1 Re2 34. Rg2 Re1+ 35. Rg1 1/2-1/2